<?xml version="1.0" encoding="UTF-8"?>
<collection xmlns="http://www.loc.gov/MARC21/slim">
 <record>
  <leader>01196nam a22001937a 4500</leader>
  <controlfield tag="001">NCT_4_006885</controlfield>
  <controlfield tag="008">240427b        xxu||||| |||| 00| 0 vie d</controlfield>
  <datafield tag="999" ind1=" " ind2=" ">
   <subfield code="c">8244</subfield>
   <subfield code="d">8244</subfield>
  </datafield>
  <datafield tag="020" ind1=" " ind2=" ">
   <subfield code="c">55000</subfield>
  </datafield>
  <datafield tag="082" ind1="0" ind2="4">
   <subfield code="2">23rd ed.</subfield>
   <subfield code="a">395.209597</subfield>
   <subfield code="b">Th107</subfield>
  </datafield>
  <datafield tag="100" ind1="1" ind2=" ">
   <subfield code="a">Đức Thành</subfield>
   <subfield code="e">Biên soạn</subfield>
  </datafield>
  <datafield tag="245" ind1="1" ind2="0">
   <subfield code="a">Thọ mai gia lễ</subfield>
   <subfield code="b">Phong tục dân gian về cưới hỏi ma chay của người Việt Nam</subfield>
   <subfield code="c">Đức Thành (Biên soạn)</subfield>
  </datafield>
  <datafield tag="260" ind1=" " ind2=" ">
   <subfield code="a">H.</subfield>
   <subfield code="b">Hồng Đức</subfield>
   <subfield code="c">2022</subfield>
  </datafield>
  <datafield tag="300" ind1=" " ind2=" ">
   <subfield code="a">183tr.</subfield>
   <subfield code="c">21 cm</subfield>
  </datafield>
  <datafield tag="520" ind1="3" ind2=" ">
   <subfield code="a">Thọ mai gia lễ là nghi thức trong phong tục cổ truyền dẫn giải rõ ràng quan niệm của người xưa những vấn đề cơ bản về âm dương, ngũ hành, về cách áp dụng ngày giờ, cũng như những điểm xung hợp liên quan đến người sống và người khuất theo quan niệm của người xưa.</subfield>
  </datafield>
  <datafield tag="653" ind1=" " ind2=" ">
   <subfield code="a">Tham khảo</subfield>
  </datafield>
  <datafield tag="942" ind1=" " ind2=" ">
   <subfield code="2">ddc</subfield>
   <subfield code="c">BK</subfield>
  </datafield>
  <datafield tag="952" ind1=" " ind2=" ">
   <subfield code="0">0</subfield>
   <subfield code="1">0</subfield>
   <subfield code="2">ddc</subfield>
   <subfield code="4">0</subfield>
   <subfield code="6">395_209597000000000_TH107</subfield>
   <subfield code="7">0</subfield>
   <subfield code="9">28808</subfield>
   <subfield code="a">000001</subfield>
   <subfield code="b">000001</subfield>
   <subfield code="d">2024-04-27</subfield>
   <subfield code="o">395.209597 Th107</subfield>
   <subfield code="p">TK.04071</subfield>
   <subfield code="r">2024-04-27</subfield>
   <subfield code="v">55000.00</subfield>
   <subfield code="w">2024-04-27</subfield>
   <subfield code="y">BK</subfield>
  </datafield>
  <datafield tag="980" ind1=" " ind2=" ">
   <subfield code="a">Thư viện Trường Đại học Nam Cần Thơ</subfield>
  </datafield>
 </record>
</collection>
